000 00521 a2200169 4500
003 OSt
005 20231127155948.0
008 231127b |||||||| |||| 00| 0 eng d
020 _a9789327264531
040 _coclc
082 _a595.7
_bDHA/E
100 1 _aDhaliwal, G. S.
_99956
245 _aEssentials of Agricultural Entomology /
_cG S Dhaliwal, Ram Singh, B S Chhillar
260 _aNew Delhi:
_bKalyani Publishers,
_c2016.
300 _a464p
942 _2ddc
_cBK
_h595.7
_iDHA/E
_k595.7
_mDHA/E
999 _c43699
_d43699